000 01279nam0a22002891 4500
001 rc\1851816
005 20260406104524.0
035 _a(NLR Aleph) 005290088
090 _a6181510
_c6181510
100 _a20080221d1911 |||y0rusy50 ca
101 0 _arus
102 _aRU
105 _ay z |||f|
200 1 _aТысяча и одна ночь
_eв стенах сумасшедшего дома
_eновый рассказ
_f[Проходимец]
210 _aМосква
_cтипография Филатова
_d1911
215 _aXVI с.
_d18
300 _aПсевдоним автора указан в конце текста; установлен по изданию: Указатель заглавий произведений художественной литературы, 1801-1975. - Москва, 1991. - Т. 6, с. 205
517 1 _aВ стенах сумасшедшего дома
_zrus
700 1 _8rus
_7ca
_aЗотов
_bМ.
_cписатель
_gМихаил
_3RU\NLR\AUTH\7796255
_979181
790 0 _aПроходимец
801 0 _aRU
_bNLR
_c20080221
_gpsbo
801 0 _aRU
_bRuMoRGB
_c20080221
_2psbo
801 1 _aRU
_bProSoft-M
_c20080221
_2rusmarc
801 2 _aRU
_bNLR
_c20130122
_2rusmarc
852 _aNLR
_j43.13.9.172
942 _cBOOK
980 _aNB